00869nam a2200205 a 450000100100000000500170001000800410002704000250006808200210009310000270011424500390014126000670018030000270024750000760027459000260035065000530037691000420042995201770047199900150064800000917320200929161516.0090928s1944 dr r 000 p spa d aDO-SdBNPbspacBNPHU aRD861.409bA388p1 aAlfonseca, Ivan92384510aPuntos de vista /cIvan Alfonseca. aCiudad Trujillo, República Dominicana :bArte y cine,c1944. a83 p. :bil. ;c18 cm. aIncluye referencias bibliográficas y notas al píe de las páginas. aInventariado, 2019/BT 4aPoesía dominicanaxHistoria y crítica913072 aValidado. Control de calidad. MMOLINA 001050718RVaPDbPDcHDd2009-09-28iLF1l0oRD861.409 A388pp9173-10r2020-06-25w2020-06-25y1zPerteneció a la biblioteca personal de Martínez Boog.ZNo se presta c8937d8937